00704nam a2200205Ia 4500003000900000008004100009020001800050040001600068080001500084100002000099245015300119260003200272300001500304650001800319650002000337650001700357942000700374999001700381952010000398IN-BaIIA211028s9999 xx 000 0 eng d a0-14-024585-5 cIIA Library a52-52bDAV aDavis, P920119 0aAre we alone ? .bphilosophical implications of the discovery of extraterrestrial lifecP. Davis  aLondonbPenguin Booksc1995 axii, 109p. aAstronomy980 aCosmogony91160 aOrigin95840 cBK c11643d11643 00104070aBANbBANcGENd1996-01-19eSBS l0o52-52/ DAVp12558r2021-11-05w1996-01-19yBK